Mouvements qui ont le plus de chance d’être indépendant - Statistiques

Statistiques générales
  • Ce quiz a été pris 22 fois
  • Le résultat moyen est 10 sur 24
Statistiques - réponses
Hint Réponse % Correct
Irak, Turquie, Syrie, Iran Kurdistan
100%
Maroc Sahara Occidental
90%
Géorgie Ossétie du Sud
80%
Somalie Somaliland
80%
France Nouvelle-Calédonie
75%
Royaume-Uni Écosse
70%
Danemark Groenland
70%
Géorgie Abkhazie
65%
États-Unis Porto Rico
65%
Tanzanie Zanzibar
60%
Soudan Darfour
45%
Papouasie-Nouvelle-Guinée Île de Bougainville
35%
Yémen Yémen du Sud
35%
France Polynésie
30%
Éthiopie Tigré
30%
Mali Azawad
15%
Cameroun Ambazonie
10%
Angola Cabinda
10%
Libye Cyrénaïque
10%
Myanmar État Karen
10%
Myanmar État Shan
10%
Royaume-Uni Anguilla
5%
Indonésie Banda Aceh
5%
Moldavie Transinstrie
5%
Aucun quiz correspondant
Distribution des résultats
% des personnes avec chaque résultat
Percentile par nombre de réponses
Votre historique - résultats
Vous n’avez pas pris ce quiz